Epidemiplogical investigation and molecular characterization of theileria species in cattle of Bangladesh / (Record no. 84465)
[ view plain ]
| 000 -LEADER | |
|---|---|
| fixed length control field | 01185nam a2200265 a 4500 |
| 001 - CONTROL NUMBER | |
| RUCL Control Number | 84465 |
| 003 - CONTROL NUMBER IDENTIFIER | |
| rucl marc code | BD-RjUL |
| 005 - DATE AND TIME OF LATEST TRANSACTION | |
| control field | 20241205170110.0 |
| 008 - FIXED-LENGTH DATA ELEMENTS--GENERAL INFORMATION | |
| fixed length control field | 241205s2023 bg a|||| m||| 00| 0 eng d |
| 035 ## - SYSTEM CONTROL NUMBER | |
| system control number | (BD-RjUL)84465 |
| 040 ## - CATALOGING SOURCE | |
| Original cataloging agency | BD-RjULBD-RjUL |
| Language of cataloging | eng |
| Transcribing agency | BD-RjUL |
| Modifying agency | BD-RjUL |
| 041 ## - LANGUAGE CODE | |
| Language code of Book | eng |
| 082 ## - DEWEY DECIMAL CLASSIFICATION NUMBER | |
| DDC Edition number | 23 |
| Classification number | 636.2095492 |
| Author mark and Year | MOE 2023 |
| 100 ## - MAIN ENTRY--PERSONAL NAME | |
| Personal name | Moni, Mst. Ishrat Zerin |
| 9 (RLIN) | 14586 |
| 245 10 - TITLE STATEMENT | |
| Title | Epidemiplogical investigation and molecular characterization of theileria species in cattle of Bangladesh / |
| Statement of responsibility, etc | By Mst. Ishrat Zerin Moni ; |
| Name of Supervisor/Co-Supervisor | Principal Supervisor : Moizur, Rahman, Co-Supervisor : Shah Md. Abdur Rauf, & Lovely, Nahar |
| 260 ## - PUBLICATION, DISTRIBUTION, ETC. (IMPRINT) | |
| Place of publication, distribution, etc | Rajshahi : |
| Name of publisher, distributor, etc | Department of Veterinary and Animal Sciences, University of Rajshahi, |
| Date of publication, distribution, etc | 2023 |
| 300 ## - PHYSICAL DESCRIPTION | |
| Pagination | xiii, 85 leaves : |
| Other physical details | ill, ; |
| Dimensions | 29.cm. |
| 502 ## - DISSERTATION NOTE | |
| Dissertation note | Thesis (M. Phil.) -- Department of Veterinary and Animal Sciences, University of Rajshahi, 2023 |
| 504 ## - BIBLIOGRAPHY, ETC. NOTE | |
| Bibliography, etc | References : Leaves 66 - 85 |
| 650 ## - SUBJECT ADDED ENTRY--TOPICAL TERM | |
| Topical term or geographic name as entry element | Cattle |
| Form subdivision | Theileria species |
| Geographic subdivision | Bangladesh |
| 9 (RLIN) | 14587 |
| 700 ## - ADDED ENTRY--SUPERVISOR/CO-SUPERVISOR NAME | |
| Personal name | Rahman, Moizur, Principal Supervisor |
| 9 (RLIN) | 9982 |
| Personal name | Rauf, Shah Md. Abdur, Co-Supervisor |
| 9 (RLIN) | 9983 |
| Personal name | Nahar, Lovely, Co-Supervisor |
| 9 (RLIN) | 14230 |
| 942 ## - ADDED ENTRY ELEMENTS (KOHA) | |
| Source of classification or shelving scheme | Dewey Decimal Classification |
| Koha item type | Theses |
| Source of classification or shelving scheme | Damaged status | Not for loan | Collection code | Permanent Location | Current Location | Shelving location | Date of accession | Source of acquisition | Total Checkouts | Full call number | Barcode | Date last seen | Copy number | Thesis |
|---|---|---|---|---|---|---|---|---|---|---|---|---|---|---|
| Dewey Decimal Classification | Not For Loan | Theses | Central Library, University of Rajshahi | Central Library, University of Rajshahi | Documentation Section | 07/11/2024 | Controller of Exam. R.U. | THE 636.2095492 MOE 2023 | D4975 | 05/12/2024 | C-1 | Theses |